| 000 | 03515 a2200205 4500 | ||
|---|---|---|---|
| 001 | 54543 | ||
| 005 | 20260407155819.0 | ||
| 008 | 260407a1968 arg spa d | ||
| 003 | AR-UNSa-BCEJYS | ||
| 040 |
_aAR-UNSa-BCEJYS _bspa _cAR-UNSa-BCEJYS |
||
| 080 |
_a330.1 _xCiencia económica. Conceptos fundamentales de teoría económica. Valor. Capital. Fondos |
||
| 245 | 1 | 0 |
_aLecciones de teoría económica _pmicroeconomía: consumo, producción, precios y rentas |
| 264 | 1 |
_aMadrid : _bAguilar _c1968 |
|
| 300 |
_axxiv, 739 p. _c24 cm. |
||
| 505 | _aPrimera parte: Preliminares - 1. La ciencia de la Economía - 2. Las ciencias de la Economía.La teoría económica - 3. Las leyes y los fines de la teoría económica - 4. Relaciones de la economía y de la teoría económica con otras ciencias - 5. El método en la teoría económica - 6. Las magnitudes económicas - 7. El tiempo como factor en la metodología económica - 8. Los supuestos de la teoría económica - Segunda parte: El consumo - 9. El objeto de las relaciones económicas - 10. La utilidad - 11. La función índice de utilidad - 12. la relación marginal de sustitución - 13. El equilibrio general del consumidor - 14. Las variaciones de la demanda según la renta - 15. Análisis de las variaciones de la demanda según el precio - 16. La Ley de la demanda - 17. Las relaciones entre los bienes en el consumo - 18. Complementos a la teoría de la demanda - 19. La teoría de la preferencia revelada - 20. La diferenciación temporal en el consumo - Tercera parte: La producción - 21. La producción en el aspecto técnico - 22. El rendimiento técnico de la producción - 23. La producción en el aspecto económico - 24. La adaptación parcial de la empresa al volumen de la producción - 25. La discontinuidad de los medios de producción - 26. La adaptación total de la empresa al volumnen de la producción - 27. El equilibrio de la empresa - 28. La demanda de los medios de producción - 29. El equilibrio de la industria - 30. El equilibrio de la producción conjunta - 31. Los costes en la producción conjunta - 32. La programación lineal de la producción - 33. El factor temporal de la producción - Cuarta parte: La formación de los precios - 34. El equilibrio general del cambio - 35. Los precios y los mercados - 36. El precio bajo la libre concurrencia - 37. Los monopolios - 38. El monopolio bilateral - 39. El duopolio de oferta - 40. El oligopolio de oferta - 41. El monopolio parcial - 42. La competencia imperfecta - 43. El mercado distribuido en clientelas - 44. La teoría de los juegos - 45. Resolución de juegos de dos personas con suma nula - 46. Aplicaciones de la teoría de los juegos - 47. La regulación oficial del mercado - 48. La interdependencia de los precios - Quinta parte: La formación de las rentas - 49. Las leyes de la distribución bajo la libre concurrencia - 50. La formación de los precios de los factores - 51. Las leyes de la distribución bajo condiciones monopolísticas - 52. Los agentes naturales y su retribución - 53. La renta de la tierra - 54. La demnada de trabajo - 55. La oferta de trabajo y la formación del salario - 56. El capital y el interés - 57. El capital en el proceso productivo - 58. La determinación del tipo de interés en una economía real - 59. El beneficio del empresario - 60. La participación relativa de los factores de la renta nacional | ||
| 041 | _aspa | ||
| 942 | _cBK | ||
| 590 | _aniveau_biblio:m niveau_hierar:0 | ||
| 100 | 1 | _aCastañeda, José | |
| 999 |
_c5623 _d5623 |
||